000 00279nam a22001217a 4500
082 _a030KNA/L-6
_b030
100 _aKNAPP,BRIAN
245 _aSCIENCE IN OUR WORLD:LIGHT
260 _aUK
_bATLANTIC EUROPE PUBLISHING
300 _a48
650 _aGENERAL KNOWLEDGE
_zUK
942 _cBK
999 _c2027
_d2027